| 000 | 00685nam a2200217Ia 4500 | ||
|---|---|---|---|
| 001 | 1706 | ||
| 003 | GE_BSU | ||
| 008 | 181216s||||||||xx |||||||||||||| ||und|| | ||
| 040 | _cGE_BSU | ||
| 100 | _aბაგრატიონი, ვახუშტი | ||
| 245 | _aსაქართველოს გეოგრაფია | ||
| 245 | _cრედ. ზურაბ ტატაშიძე | ||
| 260 | _aთბილისი | ||
| 260 | _bმეცნიერება | ||
| 260 | _c1977 | ||
| 300 | _a371 გვ. 24 სმ. | ||
| 300 | _eრუკები | ||
| 541 | _h25 ლ. | ||
| 653 | _aსაქართველოს გეოგრაფია | ||
| 942 | _cBK | ||
| 999 |
_c35817 _d35817 |
||